ANALYTICAL DYNAMICS OF A PARTICLE INCLUDING ELEMENTS OF STATICS (Record no. 17363)
[ view plain ]
| 000 -LEADER | |
|---|---|
| fixed length control field | 00451cam a2200169ua 4500 |
| 008 - FIXED-LENGTH DATA ELEMENTS--GENERAL INFORMATION | |
| fixed length control field | 060101n II |||gr||||Z||||||eng |
| 040 ## - CATALOGING SOURCE | |
| Original cataloging agency | MAIN |
| 041 ## - LANGUAGE CODE | |
| -- | English |
| 082 ## - DEWEY DECIMAL CLASSIFICATION NUMBER | |
| Classification number | 531.11 SAH |
| 100 ## - MAIN ENTRY--PERSONAL NAME | |
| Personal name | GANGULY, SHAMBHUNATH. |
| 245 ## - TITLE STATEMENT | |
| Title | ANALYTICAL DYNAMICS OF A PARTICLE INCLUDING ELEMENTS OF STATICS |
| 260 ## - PUBLICATION, DISTRIBUTION, ETC. | |
| Place of publication, distribution, etc. | LONDON: |
| Name of publisher, distributor, etc. | NEW CENTRAL BOOK AGENCY., |
| Date of publication, distribution, etc. | 2010. |
| 300 ## - PHYSICAL DESCRIPTION | |
| Extent | 432: |
| Dimensions | 20CM. |
| 700 ## - ADDED ENTRY--PERSONAL NAME | |
| Personal name | SAHA, SURANJAN. |
| 942 ## - ADDED ENTRY ELEMENTS (KOHA) | |
| Koha item type | Books |
| Withdrawn status | Lost status | Damaged status | Not for loan | Collection code | Home library | Current library | Shelving location | Date acquired | Full call number | Barcode | Date last seen | Copy number | Price effective from | Koha item type | Public note |
|---|---|---|---|---|---|---|---|---|---|---|---|---|---|---|---|
| TBMAT | Central Library and Information Centre Sibsagar Girls College | Central Library and Information Centre Sibsagar Girls College | MATHEMATICS BOOK RACK | 18.07.2011 | 531.11 SAH | 26635 | 27.02.2020 | 1 | 27.02.2020 | Books | V |